00811nam a2200217 a 450000100060000000300080000600500170001400800410003103500190007204000270009104100080011808200220012610000440014824502120019226000320040430000190043650500150045561000220047065000450049265000560053757708BD-RjUL20211209080538.0161211s1958 enk 000 0 eng u a(BD-RjUL)57832 aBPSdEQObengcBD-RjUL aeng 223a282bMAK 19581 aMaurice, Frederick Denison,d1805-1872.14aThe kingdom of Christ :bor, Hints to a Quaker respecting the principles, constitution and ordinances of the Catholic Church. In letters to a member of the society of friends /cby Frederick Denison Maurice. aLondon :bSCM Press,c1958. a2 v. ;c21 cm. aVol. 2 ---20aChurch of England 0aReligious thoughtyModern period, 1500-. 0aTheology, DoctrinalxHistoryyModern period, 1500-.